| 000 | 00447nam a22001217a 4500 | ||
|---|---|---|---|
| 008 | 230428b |||||||| |||| 00| 0 eng d | ||
| 040 |
_aNational Science Library _cNational Science Library |
||
| 080 |
_a519.21 _bP5.1 |
||
| 245 |
_aLecture notes, part i: _bSummer school on stochastic processes and applications (SSSPA- 2005), July 11-23, 2005 _c/ IIT Guwahati |
||
| 260 |
_aGuwahati: _bIIT Guwahati, _c2005 |
||
| 650 | _aScience | ||
| 942 |
_2udc _cPR |
||
| 999 |
_c24854 _d24854 |
||